judicial

Revista de derecho procesal penal 2025-1: (Registro nro. 6509)

Detalles MARC
000 -LEADER
fixed length control field 01528nam a22004457a 4500
003 - CONTROL NUMBER IDENTIFIER
control field OSt
005 - DATE AND TIME OF LATEST TRANSACTION
control field 20260331105334.0
007 - PHYSICAL DESCRIPTION FIXED FIELD--GENERAL INFORMATION
fixed length control field ta
008 - FIXED-LENGTH DATA ELEMENTS--GENERAL INFORMATION
fixed length control field 260331s2025 ag ||||| |||| 00| 0 spa d
020 ## - INTERNATIONAL STANDARD BOOK NUMBER
International Standard Book Number 9789873052460
040 ## - CATALOGING SOURCE
Transcribing agency cj catamarca
245 10 - TITLE STATEMENT
Title Revista de derecho procesal penal 2025-1:
Remainder of title La funcion de las partes acusadoras en el proceso penal II
250 ## - EDITION STATEMENT
Edition statement 1º ed.
260 ## - PUBLICATION, DISTRIBUTION, ETC.
Place of publication, distribution, etc. Santa Fe:
Name of publisher, distributor, etc. Rubinzal Culzoni,
Date of publication, distribution, etc. 2025
300 ## - PHYSICAL DESCRIPTION
Extent 680 p.
Dimensions 23 cm
500 ## - GENERAL NOTE
General note INVENTARIO Nº 8127
650 #7 - SUBJECT ADDED ENTRY--TOPICAL TERM
Source of heading or term SAIJ
653 ## - INDEX TERM--UNCONTROLLED
Uncontrolled term PRUEBA-PROCESO ALEMAN
653 ## - INDEX TERM--UNCONTROLLED
Uncontrolled term AUXILIAR-FISCAL-ROL
653 ## - INDEX TERM--UNCONTROLLED
Uncontrolled term REDES SOCIALES-IDENTIFICACION DE PERSONA
653 ## - INDEX TERM--UNCONTROLLED
Uncontrolled term REDES SOCIALES-RECONOCIMIENTO-IMAGEN
653 ## - INDEX TERM--UNCONTROLLED
Uncontrolled term SISTEMA ACUSATORIO ADVERSARIAL-AUDITORIA
653 ## - INDEX TERM--UNCONTROLLED
Uncontrolled term MINISTERIO PUBLICO FISCAL-CONTROL DE ACTUACION
653 ## - INDEX TERM--UNCONTROLLED
Uncontrolled term PRINCIPIO DE OPORTUNIDAD
653 ## - INDEX TERM--UNCONTROLLED
Uncontrolled term LEY 21.694-CCPENAL-CHILE
653 ## - INDEX TERM--UNCONTROLLED
Uncontrolled term CASO "CHACON"
653 ## - INDEX TERM--UNCONTROLLED
Uncontrolled term OMISION LEGISLATIVA-REVISION
653 ## - INDEX TERM--UNCONTROLLED
Uncontrolled term GRAVAMEN IRREPARABLE
653 ## - INDEX TERM--UNCONTROLLED
Uncontrolled term DEFENSA ANTICIPADA
653 ## - INDEX TERM--UNCONTROLLED
Uncontrolled term CASO "LEVINAS"
653 ## - INDEX TERM--UNCONTROLLED
Uncontrolled term CASO "RUIZ ROQUE"
653 ## - INDEX TERM--UNCONTROLLED
Uncontrolled term ESCRIBANO-PRESCRIPCION PENAL
653 ## - INDEX TERM--UNCONTROLLED
Uncontrolled term SUSPENSION DEL JUICIO A PRUEBA-VIOLENCIA DE GENERO
653 ## - INDEX TERM--UNCONTROLLED
Uncontrolled term CASO "GONGORA"
653 ## - INDEX TERM--UNCONTROLLED
Uncontrolled term RECURSO DE REVISION-LIBERTAD PROVISIONAL
700 #0 - ADDED ENTRY--PERSONAL NAME
9 (RLIN) 17
Personal name Donna, Egardo A.
Relator term director
700 10 - ADDED ENTRY--PERSONAL NAME
9 (RLIN) 137
Personal name Ledesma, Angela E.
Relator term directora
856 ## - ELECTRONIC LOCATION AND ACCESS
Uniform Resource Identifier <a href="https://drive.google.com/file/d/1mQkapw3Hgr_5XgXvCqaFqmK0j3S2-ieG/view?usp=sharing">https://drive.google.com/file/d/1mQkapw3Hgr_5XgXvCqaFqmK0j3S2-ieG/view?usp=sharing</a>
942 ## - ADDED ENTRY ELEMENTS (KOHA)
Source of classification or shelving scheme Dewey Decimal Classification
Koha item type Book
Suppress in OPAC No
Existencias
Withdrawn status Lost status Source of classification or shelving scheme Damaged status Not for loan Home library Current library Date acquired Source of acquisition Total Checkouts Barcode Date last seen Price effective from Koha item type
    Dewey Decimal Classification     PJCB PJCB 03/31/2026 Compra   8127 03/31/2026 03/31/2026 Book
-->
  •  poder judicial

    Con tecnología Koha